Manual de administración básica de cooperativas / (Registro nro. 7777)
[ vista simple ]
| 000 -LEADER | |
|---|---|
| fixed length control field | 01233nam a2200253Ia 4500 |
| 003 - CONTROL NUMBER IDENTIFIER | |
| control field | OSt |
| 005 - DATE AND TIME OF LATEST TRANSACTION | |
| control field | 20210430204429.0 |
| 008 - FIXED-LENGTH DATA ELEMENTS--GENERAL INFORMATION | |
| fixed length control field | 210310t1972 mx gr 001 0 spa d |
| 040 ## - CATALOGING SOURCE | |
| Original cataloging agency | CO-JMCR |
| Transcribing agency | CO-JMCR |
| 041 1# - LANGUAGE CODE | |
| Language code of text/sound track or separate title | spa |
| Language code of original | eng |
| 082 04 - DEWEY DECIMAL CLASSIFICATION NUMBER | |
| Classification number | 334.068 / |
| Item number | C397m |
| Edition number | 23 |
| 110 2# - MAIN ENTRY--CORPORATE NAME | |
| Corporate name or jurisdiction name as entry element | Centro Regional de Ayuda Técnica (RTAC), Agencia para el Desarrollo Internacional (A.I.D) |
| 9 (RLIN) | 37322 |
| 245 10 - TITLE STATEMENT | |
| Title | Manual de administración básica de cooperativas / |
| Statement of responsibility, etc. | Centro Regional de Ayuda Técnica (RTAC), Agencia para el Desarrollo Internacional (A.I.D) ; versión en español de Gabriel Gardea |
| 250 ## - EDITION STATEMENT | |
| Edition statement | Primera edición |
| 260 ## - PUBLICATION, DISTRIBUTION, ETC. | |
| Place of publication, distribution, etc. | México : |
| Name of publisher, distributor, etc. | Editorial Roble, |
| Date of publication, distribution, etc. | ©1972 |
| 300 ## - PHYSICAL DESCRIPTION | |
| Other physical details | 93 páginas ; |
| Dimensions | 21 cm. |
| 500 ## - GENERAL NOTE | |
| General note | Incluye índice temático.<br/>Título original: A manual of basic co-op management |
| 504 ## - BIBLIOGRAPHY, ETC. NOTE | |
| Bibliography, etc. note | Bibliografía: página 87 |
| 505 0# - FORMATTED CONTENTS NOTE | |
| Formatted contents note | ¿Qué es cooperativa? -- Personal, equipo e instalación -- Compras e inventario -- Mercado y ventas -- Contabilidad básica -- Aspectos de la contabilidad de cooperativas -- Operaciones -- Principios de Administración |
| 546 ## - LANGUAGE NOTE | |
| Language note | Traducido del inglés. |
| 650 14 - SUBJECT ADDED ENTRY--TOPICAL TERM | |
| Topical term or geographic name entry element | Cooperativas |
| 9 (RLIN) | 15429 |
| General subdivision | Administración |
| 700 1# - ADDED ENTRY--PERSONAL NAME | |
| Personal name | Gardea, Gabriel, |
| Relator term | traductor |
| 9 (RLIN) | 15427 |
| 942 ## - ADDED ENTRY ELEMENTS (KOHA) | |
| Source of classification or shelving scheme | Dewey Decimal Classification |
| Koha item type | Books |
| Withdrawn status | Lost status | Source of classification or shelving scheme | Damaged status | Not for loan | Collection code | Home library | Current library | Date acquired | Source of acquisition | Full call number | Barcode | Date last seen | Copy number | Koha item type |
|---|---|---|---|---|---|---|---|---|---|---|---|---|---|---|
| Dewey Decimal Classification | Non-fiction | Biblioteca Pública José María del Castillo y Rada | Biblioteca Pública José María del Castillo y Rada | 04/15/2018 | Donación | 334.068 / C397m | 430003718 | 05/16/2024 | Ej.1 | Books |